| 000 | 00337nam a22001217a 4500 | ||
|---|---|---|---|
| 999 |
_c6047 _d6047 |
||
| 245 |
_aHigh Court (Civil procedure) Rule, 2014: _bAmendment (C.I. 87) _cby Republic of Ghana |
||
| 246 | _aCivil procedure | ||
| 260 |
_aAccra _bAssembly Press |
||
| 300 | _a10p. | ||
| 440 | _aActs of Parliament | ||
| 650 | _aCivil procedure rules | ||
| 942 | _cREF | ||